<?xml version='1.0' encoding='UTF-8'?>
  <record xmlns="http://www.loc.gov/MARC21/slim">
    <leader>00000cam a2200000 a 4500</leader>
    <controlfield tag="001">ocm64148048</controlfield>
    <controlfield tag="003">OCoLC</controlfield>
    <controlfield tag="005">20250905021645.5</controlfield>
    <controlfield tag="008">910905s1525    be            001 0 lat d</controlfield>
    <datafield tag="040" ind1=" " ind2=" ">
      <subfield code="a">MLL</subfield>
      <subfield code="b">eng</subfield>
      <subfield code="c">MLL</subfield>
      <subfield code="d">OCLCG</subfield>
      <subfield code="d">OL$</subfield>
      <subfield code="d">TXQ</subfield>
      <subfield code="d">OCLCO</subfield>
      <subfield code="d">OCLCQ</subfield>
      <subfield code="d">QGJ</subfield>
      <subfield code="d">OCLCF</subfield>
      <subfield code="d">OCLCO</subfield>
      <subfield code="d">OCLCL</subfield>
      <subfield code="d">OCLCQ</subfield>
    </datafield>
    <datafield tag="035" ind1=" " ind2=" ">
      <subfield code="a">(OCoLC)64148048</subfield>
    </datafield>
    <datafield tag="043" ind1=" " ind2=" ">
      <subfield code="a">e-uk---</subfield>
    </datafield>
    <datafield tag="050" ind1=" " ind2="4">
      <subfield code="a">KBR1006.2</subfield>
      <subfield code="b">.L9 1525</subfield>
    </datafield>
    <datafield tag="082" ind1="0" ind2="4">
      <subfield code="a">262.90941</subfield>
      <subfield code="2">22</subfield>
    </datafield>
    <datafield tag="100" ind1="1" ind2=" ">
      <subfield code="a">Lyndwood, William,</subfield>
      <subfield code="d">1375?-1446.</subfield>
    </datafield>
    <datafield tag="240" ind1="1" ind2="0">
      <subfield code="a">Constitutiones provinciales Ecclesiae Anglicanae</subfield>
    </datafield>
    <datafield tag="245" ind1="1" ind2="0">
      <subfield code="a">Prouinciale seu Co(n)stitutiones Anglie :</subfield>
      <subfield code="b">cu(m) summarijs, atq(ue) iustis annotationibus, politissimis caracteribus, summaq(ue) accuratione rursum reuise, atq(ue) impresse.</subfield>
    </datafield>
    <datafield tag="246" ind1="3" ind2=" ">
      <subfield code="a">Provinciale seu Constitutiones Anglie</subfield>
    </datafield>
    <datafield tag="260" ind1=" " ind2=" ">
      <subfield code="a">[Antwerp] :</subfield>
      <subfield code="b">[Printed by Christoffel van Ruremund.] ;</subfield>
      <subfield code="a">Venales habetur London̄. in cimiterio sancti Pauli :</subfield>
      <subfield code="b">Apud Franciscum bryckman,</subfield>
      <subfield code="c">[1525, 20 Dec.]</subfield>
    </datafield>
    <datafield tag="300" ind1=" " ind2=" ">
      <subfield code="a">cclv [i.e. 256], [28] leaves ;</subfield>
      <subfield code="c">27 cm (folio)</subfield>
    </datafield>
    <datafield tag="336" ind1=" " ind2=" ">
      <subfield code="a">text</subfield>
      <subfield code="b">txt</subfield>
      <subfield code="2">rdacontent</subfield>
    </datafield>
    <datafield tag="337" ind1=" " ind2=" ">
      <subfield code="a">unmediated</subfield>
      <subfield code="b">n</subfield>
      <subfield code="2">rdamedia</subfield>
    </datafield>
    <datafield tag="338" ind1=" " ind2=" ">
      <subfield code="a">volume</subfield>
      <subfield code="b">nc</subfield>
      <subfield code="2">rdacarrier</subfield>
    </datafield>
    <datafield tag="500" ind1=" " ind2=" ">
      <subfield code="a">Canon law of the ecclesiastical province of Canterbury as collected and abridged in 1433 by William Lyndwood, with his explanatory gloss. Regarded by some authorities as law of the Church of England.</subfield>
    </datafield>
    <datafield tag="500" ind1=" " ind2=" ">
      <subfield code="a">Edited by Josse Badius, whose name appears on pA1v.</subfield>
    </datafield>
    <datafield tag="500" ind1=" " ind2=" ">
      <subfield code="a">Colophon reads: Explicit preclar[m] opus wilhelmi Lindewode eruditissimi viri super constitutiones prouinciales Anglie: summa cura atq[ue] diligentia Christophori Endouien̄ [i.e. Christoffel van Ruremund]. Antwerpiæ impressum. vna cu[m] annotationibus debitis. cunq[ue] summarijs suis locis prepositis. Impensis vero Francisco Brickman honesti mercatoris anno salutis nostre millesimo quingentesimo vicesimo quinto. xx. die Decembris.</subfield>
    </datafield>
    <datafield tag="500" ind1=" " ind2=" ">
      <subfield code="a">Printed in red and black.</subfield>
    </datafield>
    <datafield tag="500" ind1=" " ind2=" ">
      <subfield code="a">Includes index.</subfield>
    </datafield>
    <datafield tag="500" ind1=" " ind2=" ">
      <subfield code="a">Leaf 256 misnumbered cclv.</subfield>
    </datafield>
    <datafield tag="500" ind1=" " ind2=" ">
      <subfield code="a">Often bound with STC 17108.</subfield>
    </datafield>
    <datafield tag="510" ind1="4" ind2=" ">
      <subfield code="a">Adams, H.M. Catalogue of books printed on the continent of Europe, 1501-1600, in Cambridge libraries,</subfield>
      <subfield code="c">L 2117</subfield>
    </datafield>
    <datafield tag="510" ind1="4" ind2=" ">
      <subfield code="a">Nijhoff, W. Nederlandsche bibliographie van 1500 tot 1540 (1923-61 edition),</subfield>
      <subfield code="c">1442</subfield>
    </datafield>
    <datafield tag="510" ind1="4" ind2=" ">
      <subfield code="a">STC,</subfield>
      <subfield code="c">17111</subfield>
    </datafield>
    <datafield tag="510" ind1="4" ind2=" ">
      <subfield code="a">Beale, J.H. Engl. law,</subfield>
      <subfield code="c">T408b</subfield>
    </datafield>
    <datafield tag="650" ind1=" " ind2="0">
      <subfield code="a">Ecclesiastical law</subfield>
      <subfield code="z">Great Britain</subfield>
      <subfield code="v">Early works to 1800.</subfield>
    </datafield>
    <datafield tag="650" ind1=" " ind2="0">
      <subfield code="a">Ecclesiastical law</subfield>
      <subfield code="z">England</subfield>
      <subfield code="z">Canterbury (Province)</subfield>
      <subfield code="v">Early works to 1800.</subfield>
    </datafield>
    <datafield tag="650" ind1=" " ind2="7">
      <subfield code="a">Ecclesiastical law.</subfield>
      <subfield code="2">fast</subfield>
      <subfield code="0">(OCoLC)fst00901292</subfield>
    </datafield>
    <datafield tag="651" ind1=" " ind2="7">
      <subfield code="a">Great Britain.</subfield>
      <subfield code="2">fast</subfield>
      <subfield code="0">(OCoLC)fst01204623</subfield>
      <subfield code="1">https://id.oclc.org/worldcat/entity/E39PBJdmp7p3cx8hpmJ8HvmTpP</subfield>
    </datafield>
    <datafield tag="655" ind1=" " ind2="7">
      <subfield code="a">Early works.</subfield>
      <subfield code="2">fast</subfield>
      <subfield code="0">(OCoLC)fst01411636</subfield>
    </datafield>
    <datafield tag="700" ind1="1" ind2=" ">
      <subfield code="a">Badius, Josse,</subfield>
      <subfield code="d">1462-1535.</subfield>
    </datafield>
    <datafield tag="700" ind1="1" ind2=" ">
      <subfield code="a">Ruremund, Christoffel van,</subfield>
      <subfield code="d">-1531.</subfield>
    </datafield>
    <datafield tag="700" ind1="1" ind2=" ">
      <subfield code="a">Birckman, Franz,</subfield>
      <subfield code="d">-1530,</subfield>
      <subfield code="e">bookseller.</subfield>
    </datafield>
    <datafield tag="710" ind1="2" ind2=" ">
      <subfield code="a">Catholic Church.</subfield>
      <subfield code="b">Province of Canterbury (England)</subfield>
    </datafield>
    <datafield tag="710" ind1="2" ind2=" ">
      <subfield code="a">Church of England.</subfield>
    </datafield>
    <datafield tag="758" ind1=" " ind2=" ">
      <subfield code="i">has work:</subfield>
      <subfield code="a">Constitutiones provinciales ecclesiae Anglicanae (Text)</subfield>
      <subfield code="1">https://id.oclc.org/worldcat/entity/E39PCFYMFhqWW4QFXDH4Hk94bd</subfield>
      <subfield code="4">https://id.oclc.org/worldcat/ontology/hasWork</subfield>
    </datafield>
    <datafield tag="936" ind1=" " ind2=" ">
      <subfield code="a">BATCHLOAD</subfield>
    </datafield>
  </record>